Areas protegidas amazónicas colombianas : (Registro nro. 7389)
[ vista simple ]
| 000 -CABECERA | |
|---|---|
| Campo de control | 01376nam a22002897a 4500 |
| 005 - FECHA Y HORA DE LA ULTIMA TRANSACCION | |
| Campo de control | 20130717150759.0 |
| 008 - ELEMENTOS DE LONGITUD FIJA—INFORMACION GENERAL | |
| Campo de control | 120704s2011 ck ab frb f00010 spa d |
| 015 ## - NATIONAL BIBLIOGRAPHY NUMBER | |
| National bibliography number | ck-2011-xxxx |
| 020 ## - ISBN | |
| ISBN | 9789588426266 |
| 041 0# - IDIOMA | |
| Código de idioma para texto/pista de sonido o título separado | Español |
| 043 ## - GEOGRAPHIC AREA CODE | |
| Geographic area code | s-ck--- |
| 082 04 - NUMERO DE CLASIFICACION DECIMAL DEWEY | |
| Número de clasificación | 333.7 |
| Número del ítem | P25a |
| 110 1# - ASIENTO PRINCIPAL--NOMBRE CORPORATIVO | |
| Nombre corporativo o de jurisdicción como elemento de entrada | Colombia. |
| Unidad subordinad | Ministerio de Ambiente, Vivienda y Desarrollo Territorial. |
| -- | Parques Nacionales Naturales de Colombia. |
| 245 10 - MENCION DE TITULO | |
| Título | Areas protegidas amazónicas colombianas : |
| Parte restante del título | elementos para la gestión en zonas de frontera / |
| Mención de responsabilidad | Parques Nacionales Naturales de Colombia ; investigación y textos Marcela Galvis Hernández. |
| 260 ## - PUBLICACION, DISTRIBUCION, ETC. (PIE DE IMPRENTA) | |
| Lugar de publicación, distribución, etc. | Bogotá : |
| Nombre del editor, distribuidor, etc. | Parques Nacionales Naturales de Colombia, |
| Fecha de publicación, distribución, etc. | 2011. |
| 300 ## - DESCRIPCION FISICA | |
| Extensión | 103 p. : |
| Otros detalles físicos | il., mapas ; |
| Dimensiones | 21 cm. |
| 504 ## - NOTA DE BIBLIOGRAFIA, ETC. | |
| Nota de bibliografía | Incluye bibliografías. |
| 650 #4 - ASIENTO SECUNDARIO DE MATERIA - TERMINO TEMATICO | |
| Término temático o nombre geográfico como elemento de entrada | Conservación de la vida silvestre |
| Subdivisión geográfica | Amazonas (Región, Colombia) |
| 650 #4 - ASIENTO SECUNDARIO DE MATERIA - TERMINO TEMATICO | |
| Término temático o nombre geográfico como elemento de entrada | Política ambiental |
| Subdivisión geográfica | Amazonas (Región, Colombia) |
| 650 #4 - ASIENTO SECUNDARIO DE MATERIA - TERMINO TEMATICO | |
| Término temático o nombre geográfico como elemento de entrada | Parques naturales |
| Subdivisión geográfica | Amazonas (Región, Colombia) |
| 650 #4 - ASIENTO SECUNDARIO DE MATERIA - TERMINO TEMATICO | |
| Término temático o nombre geográfico como elemento de entrada | Conservación de la naturaleza |
| Subdivisión geográfica | Amazonas (Región, Colombia) |
| 650 #4 - ASIENTO SECUNDARIO DE MATERIA - TERMINO TEMATICO | |
| Término temático o nombre geográfico como elemento de entrada | Ecología |
| Subdivisión geográfica | Amazonas (Región, Colombia) |
| 650 #4 - ASIENTO SECUNDARIO DE MATERIA - TERMINO TEMATICO | |
| Término temático o nombre geográfico como elemento de entrada | Desarrollo sostenible |
| Subdivisión geográfica | Amazonas (Región, Colombia) |
| 650 ## - ASIENTO SECUNDARIO DE MATERIA - TERMINO TEMATICO | |
| Término temático o nombre geográfico como elemento de entrada | Participación social |
| Subdivisión geográfica | Amazonas (Región, Colombia) |
| 700 1# - ASIENTO SECUNDARIO - NOMBRE PERSONAL | |
| Nombre personal | Galvis Hernández, Marcela. |
| 942 ## - ELEMENTOS ADICIONALES (KOHA) | |
| Sistema de clasificación | Dewey Decimal Classification |
| Tipo de ítem | |
| Withdrawn status | Lost status | Sistema de Clasificación | Damaged status | No para préstamo | Colección | Inventariado | Ubicación Permanente | Ubicación actual | Fecha de adquisición | Fuente de Valor | Valor | Total Checkouts | Número topográfico | Inventario / Código de Barras | Date last seen | Ejemplar | Price effective from | Forma de adquisición | Tipo de material |
|---|---|---|---|---|---|---|---|---|---|---|---|---|---|---|---|---|---|---|---|
| Dewey Decimal Classification | General | Inventariado 2017 | Bogotá | Bogotá | 17/07/2013 | Instituto | 39000.00 | LB-333.7 P25a | 028364 | 17/07/2013 | Ej. 1 | 17/07/2013 | Institucional | Libro | |||||
| Dewey Decimal Classification | General | Inventariado 2017 | Bogotá | Bogotá | 24/02/2014 | Instituto | 39000.00 | LB-333.7 P25a | 059869 | 24/02/2014 | Ej. 2 | 24/02/2014 | Institucional | Libro | |||||
| Dewey Decimal Classification | General | Inventariado 2017 | Sala Fabio Quevedo | Sala Fabio Quevedo | 25/07/2014 | Instituto | 39000.00 | LB-333.7 P25a | 038195 | 25/07/2014 | Ej. 3 | 25/07/2014 | Institucional | Libro | |||||
| Dewey Decimal Classification | General | Inventariado 2017 | Sala Fabio Quevedo | Sala Fabio Quevedo | 25/07/2014 | Instituto | 39000.00 | LB-333.7 P25a | 038196 | 25/07/2014 | Ej. 4 | 25/07/2014 | Institucional | Libro |